000 00576nam a2200217Ia 4500
003 OSt
005 20230516101817.0
008 210423s2011 xx 000 0 und d
020 _a9780230226999
040 _cAL
041 _aeng
082 _a574.192 NELD
_223
100 _aNELSON (David L);COX (Michael M).
_9104696
245 _aLehninger principles of biochemistry.
250 _a5
260 _aNew York
_bW H Freeman & Co
_c2011
300 _axxix,1158,i.41
_bPB
365 _b1747
_cINR
906 _abiochemistry. ; Lehninger ; principles
942 _2ddc
_cBK
999 _c164773
_d164773